[Event "76th POL-ch"]
[Site "Warsaw POL"]
[Date "2019.05.17"]
[Round "7.3"]
[White "Janik, Igor"]
[Black "Gajewski, Grzegorz"]
[Result "1/2-1/2"]
[WhiteElo "2469"]
[BlackElo "2613"]
[EventDate "2019.05.11"]
[PlyCount "121"]

1.d4 Nf6 2.c4 e6 3.Nf3 d5 4.g3 Bb4+ 5.Nbd2 a5 6.Bg2 O-O 7.O-O a4 8.Qc2 Nc6
9.a3 Be7 10.Rd1 Bd7 11.e4 h6 12.e5 Nh7 13.cxd5 exd5 14.b4 axb3 15.Qxb3 Nb4
16.Qc3 Ba4 17.Rf1 Nc6 18.h4 Na5 19.Nh2 c6 20.f4 f5 21.Re1 b5 22.Nhf1 h5 
23.Ne3 Qb6 24.Rb1 g6 25.Ndf1 Qd8 26.Bh3 Qd7 27.Qd3 Nc4 28.Re2 Qe6 29.Ra2 
Rad8 30.Bd2 c5 31.Bc3 Nxa3 32.Rba1 b4 33.dxc5 d4 34.Bxb4 dxe3 35.Qxa3 Bb3 
36.Re2 Ra8 37.Qxa8 Rxa8 38.Rxa8+ Nf8 39.Rxe3 Bd5 40.Rb8 Bc6 41.Bg2 Bxg2 
42.Kxg2 Kf7 43.Kf2 Qa2+ 44.Re2 Qa7 45.Rb6 Ne6 46.Ne3 Bxc5 47.Bxc5 Nxc5 48.
Nd5 Ne4+ 49.Rxe4 fxe4 50.e6+ Kg7 51.Ke3 Qa4 52.Rb7+ Kh6 53.Rb4 Qc6 54.e7 
Qxd5 55.Rxe4 Qc5+ 56.Kf3 Qa3+ 57.Kf2 Qa2+ 58.Re2 Qa7+ 59.Kf1 Qa1+ 60.Re1 
Qa8 61.e8=Q 1/2-1/2